000
00252nam a2200109Ia 4500
008
220204s9999 xx 000 0 und d
082
_a
159.9
_b
MOO
100
_a
Moody, R A
245
0
_a
Life after life
260
_a
New york
_b
Bantam
_c
1977
942
_c
BK
999
_c
33225
_d
33225